UBT Library

Contemporary issues in health services / (Record no. 42933)

000 -LEADER
fixed length control field 00646pam a2200241 a 4500
001 - CONTROL NUMBER
control field 1562450
005 - DATE AND TIME OF LATEST TRANSACTION
control field 20180220080857.0
008 - FIXED-LENGTH DATA ELEMENTS--GENERAL INFORMATION
fixed length control field 920925s1993 nyua b 000 0 eng c
010 ## - LIBRARY OF CONGRESS CONTROL NUMBER
LC control number 92049604
020 ## - INTERNATIONAL STANDARD BOOK NUMBER
International Standard Book Number 0827355750 (textbook)
040 ## - CATALOGING SOURCE
Original cataloging agency DNLM/DLC
Transcribing agency DLC
Modifying agency DLC
041 ## - LANGUAGE CODE
Language code of text/sound track or separate title eng
043 ## - GEOGRAPHIC AREA CODE
Geographic area code n-us---
060 ## - NATIONAL LIBRARY OF MEDICINE CALL NUMBER
Classification number W 84 AA1 C74
080 ## - UNIVERSAL DECIMAL CLASSIFICATION NUMBER
Universal Decimal Classification number 362.10973 STE
082 00 - DEWEY DECIMAL CLASSIFICATION NUMBER
Classification number 362.10973 STE
Edition number 20
100 ## - Rafti
Rafti 4
101 ## - Shkurtesa
Shkurtesa SHM
245 00 - TITLE STATEMENT
Title Contemporary issues in health services /
Statement of responsibility, etc edited by Stephen J. Williams.
906 ## - LOCAL DATA ELEMENT F, LDF (RLIN)
a 7
b cbc
c orignew
d 1
e ocip
f 19
g y-gencatlg
942 ## - ADDED ENTRY ELEMENTS (KOHA)
Source of classification or shelving scheme
Item type Books
Holdings
Withdrawn status Lost status Source of classification or shelving scheme Damaged status Not for loan Collection code Permanent location Current location Shelving location Date acquired Total Checkouts Full call number Barcode Date last seen Price effective from Koha item type
          Koleksioni i përgjithshem UBT - Lipjan UBT - Lipjan Koleksioni i përgjithshem 02/20/2018   362.10973 STE 002-2999380 02/20/2018 02/20/2018 Books
UBT Library © 2015-2024. All rights reserved University Education for Business and Technology